[Event "AUT-chT2O 0203"]
[Site "Austria"]
[Date "2003.02.16"]
[Round "9.6"]
[White "Wutzlhofer, Robert"]
[Black "Palfinger, Wolfgang"]
[Result "0-1"]
[WhiteElo "2134"]
[BlackElo "2111"]
[PlyCount "128"]
[EventDate "2002.10.25"]
[EventType "team-tourn"]
[EventRounds "11"]
[EventCountry "AUT"]
[SourceTitle "EXT 2020"]
[Source "ChessBase"]
[SourceDate "2019.10.17"]
[SourceVersion "1"]
[SourceVersionDate "2019.10.17"]
[SourceQuality "1"]
[WhiteTeam "Mattersburg"]
[BlackTeam "Donaustadt"]
[WhiteTeamCountry "AUT"]
[BlackTeamCountry "AUT"]

1. d4 d5 2. c4 c6 3. Nc3 Nf6 4. cxd5 cxd5 5. Nf3 e6 6. Bg5 Be7 7. e3 0-0 8. Bd3 b6 9. 0-0 Ba6 10. Rc1 Bxd3 11. Qxd3 Nc6 12. h3 h6 13. Bf4 Qd7 14. a3 Rfc8 15. Ne5 Nxe5 16. Bxe5 Rc6 17. Rc2 Rac8 18. Rfc1 Ne8 19. Na2 Nd6 20. Bxd6 Qxd6 21. Nb4 Rxc2 22. Rxc2 Qd7 23. Rxc8+ Qxc8 24. Qc2 Qxc2 25. Nxc2 Kf8 26. Kf1 Ke8 27. Ke2 Kd7 28. Kd3 b5 29. f3 a5 30. b4 a4 31. Kd2 Bh4 32. Ne1 Kd6 33. Nd3 f6 34. e4 dxe4 35. fxe4 Bg5+ 36. Ke2 f5 37. Kf3 Bd2 38. Ke2 Bc3 39. Ke3 g5 40. g3 Ba1 41. d5 fxe4 42. Kxe4 exd5+ 43. Kf5 d4 44. Ke4 Bc3 45. g4 Ba1 46. Ne1 Bb2 47. Nc2 d3 48. Kxd3 Kd5 49. Ne3+ Ke5 50. Nc2 Kf4 51. Nd4 Bxa3 52. Kc3 Kg3 53. Nf5+ Kxh3 54. Nxh6 Bc1 55. Nf5 Bf4 56. Nh6 Be5+ 57. Kc2 Bd6 58. Kc3 Bf8 59. Nf5 Kxg4 60. Ne3+ Kf3 61. Nd5 g4 62. Nc7 g3 63. Ne6 g2 64. Nd4+ Kf2 0-1

[Event "AUT-chT2O 0203"]
[Site "Austria"]
[Date "2003.02.15"]
[Round "8.6"]
[White "Palfinger, Wolfgang"]
[Black "Wandl, Werner"]
[Result "1/2-1/2"]
[WhiteElo "2111"]
[BlackElo "2118"]
[PlyCount "24"]
[EventDate "2002.10.25"]
[EventType "team-tourn"]
[EventRounds "11"]
[EventCountry "AUT"]
[SourceTitle "EXT 2020"]
[Source "ChessBase"]
[SourceDate "2019.10.17"]
[SourceVersion "1"]
[SourceVersionDate "2019.10.17"]
[SourceQuality "1"]
[WhiteTeam "Donaustadt"]
[BlackTeam "Eichgraben/Pressbaum"]
[WhiteTeamCountry "AUT"]
[BlackTeamCountry "AUT"]

1. d4 Nf6 2. Nf3 d5 3. Bf4 Bf5 4. e3 e6 5. h3 Be7 6. Nbd2 0-0 7. c4 c6 8. Be2 Nbd7 9. 0-0 Ne4 10. Nxe4 Bxe4 11. Ne5 Nxe5 12. Bxe5 Qb6 1/2-1/2

[Event "Kreuzberg 2000"]
[Site "Berlin"]
[Date "2000.07.27"]
[Round "6"]
[White "Marduhajev, Alexander"]
[Black "Palfinger, Wolfgang"]
[Result "1/2-1/2"]
[WhiteElo "1673"]
[BlackElo "1936"]
[PlyCount "35"]
[EventDate "2000.07.??"]
[EventType "swiss"]
[EventRounds "9"]
[EventCountry "GER"]
[SourceTitle "EXT 2001"]
[Source "ChessBase"]
[SourceDate "2000.11.22"]
[SourceVersion "1"]
[SourceVersionDate "2000.11.22"]
[SourceQuality "1"]

1. d4 d5 2. c4 c6 3. Nc3 Nf6 4. Bg5 e6 5. e3 Nbd7 6. Bd3 dxc4 7. Bxc4 Nb6 8. Bb3 Be7 9. Nf3 Nbd5 10. 0-0 Nxc3 11. bxc3 0-0 12. Qd3 g6 13. Bc2 Re8 14. h4 Nd7 15. e4 c5 16. Qe3 cxd4 17. cxd4 b5 18. Rac1 1/2-1/2